<?xml version="1.0" encoding="UTF-8" ?>
<collection xmlns="http://www.loc.gov/MARC21/slim"><record><leader>00717nam a2200217   4500</leader><controlfield tag="001">230967</controlfield><controlfield tag="003">CH-000273-5</controlfield><controlfield tag="005">20250813095431.0</controlfield><datafield tag="020" ind1=" " ind2=" "><subfield code="a">979-13-87521-08-0</subfield></datafield><datafield tag="040" ind1=" " ind2=" "><subfield code="a">CH-000273-5</subfield><subfield code="b">ger</subfield><subfield code="e">rda</subfield></datafield><datafield tag="041" ind1="0" ind2=" "><subfield code="a">spa</subfield></datafield><datafield tag="100" ind1="1" ind2=" "><subfield code="a">Maderuelo, Javier</subfield><subfield code="e">Verfasser</subfield><subfield code="4">aut</subfield></datafield><datafield tag="245" ind1="1" ind2="0"><subfield code="a">Claude Lorrain</subfield><subfield code="b">paisaje ideal y belleza clásica</subfield><subfield code="c">Javier Maderuelo</subfield></datafield><datafield tag="264" ind1=" " ind2="1"><subfield code="a">Madrid</subfield><subfield code="b">Abada Editores</subfield><subfield code="c">2025</subfield></datafield><datafield tag="300" ind1=" " ind2=" "><subfield code="a">356 Seiten</subfield><subfield code="b">Illustrationen</subfield><subfield code="c">24 cm</subfield></datafield><datafield tag="336" ind1=" " ind2=" "><subfield code="a">Text</subfield><subfield code="b">txt</subfield><subfield code="2">rdacontent</subfield></datafield><datafield tag="337" ind1=" " ind2=" "><subfield code="a">ohne Hilfsmittel zu benutzen</subfield><subfield code="b">n</subfield><subfield code="2">rdamedia</subfield></datafield><datafield tag="338" ind1=" " ind2=" "><subfield code="a">Band</subfield><subfield code="b">nc</subfield><subfield code="2">rdacarrier</subfield></datafield><datafield tag="490" ind1="1" ind2=" "><subfield code="a">H.a del arte y de la architectura</subfield></datafield><datafield tag="600" ind1="1" ind2="7"><subfield code="a">Lorrain, Claude</subfield><subfield code="d">1600-1682</subfield><subfield code="x">Ideale Landschaftsmalerei</subfield><subfield code="2">gnd</subfield></datafield><datafield tag="852" ind1="4" ind2=" "><subfield code="a">CH-000273-5</subfield><subfield code="c">C 2025/0349</subfield></datafield></record></collection>